<?xml version="1.0" encoding="UTF-8"?><?xml-stylesheet type="text/xsl" href="static/style.xsl"?><OAI-PMH xmlns="http://www.openarchives.org/OAI/2.0/" xmlns:xsi="http://www.w3.org/2001/XMLSchema-instance" xsi:schemaLocation="http://www.openarchives.org/OAI/2.0/ http://www.openarchives.org/OAI/2.0/OAI-PMH.xsd"><responseDate>2026-04-17T02:56:50Z</responseDate><request verb="GetRecord" identifier="oai:www.recercat.cat:10459.1/41657" metadataPrefix="marc">https://recercat.cat/oai/request</request><GetRecord><record><header><identifier>oai:recercat.cat:10459.1/41657</identifier><datestamp>2024-12-05T22:17:27Z</datestamp><setSpec>com_2072_3622</setSpec><setSpec>col_2072_479130</setSpec></header><metadata><record xmlns="http://www.loc.gov/MARC21/slim" xmlns:dcterms="http://purl.org/dc/terms/" xmlns:xsi="http://www.w3.org/2001/XMLSchema-instance" xmlns:doc="http://www.lyncode.com/xoai" xsi:schemaLocation="http://www.loc.gov/MARC21/slim http://www.loc.gov/standards/marcxml/schema/MARC21slim.xsd">
   <leader>00925njm 22002777a 4500</leader>
   <datafield ind2=" " ind1=" " tag="042">
      <subfield code="a">dc</subfield>
   </datafield>
   <datafield ind2=" " ind1=" " tag="720">
      <subfield code="a">Riba i Viladot, Magí</subfield>
      <subfield code="e">author</subfield>
   </datafield>
   <datafield ind2=" " ind1=" " tag="720">
      <subfield code="a">Torra, E.</subfield>
      <subfield code="e">author</subfield>
   </datafield>
   <datafield ind2=" " ind1=" " tag="720">
      <subfield code="a">Martí Martí, Joan</subfield>
      <subfield code="e">author</subfield>
   </datafield>
   <datafield ind2=" " ind1=" " tag="260">
      <subfield code="c">2011-10-13T10:43:02Z</subfield>
   </datafield>
   <datafield ind2=" " ind1=" " tag="260">
      <subfield code="c">2011-10-13T10:43:02Z</subfield>
   </datafield>
   <datafield ind2=" " ind1=" " tag="260">
      <subfield code="c">1996</subfield>
   </datafield>
   <datafield ind2=" " ind1=" " tag="520">
      <subfield code="a">A partir de un extracto metanólico de semillas de Melia azedarach se han aislado los compuestos responsables de su actividad biológica como agentes inhibidores de la alimentación y reguladores del desarrollo sobre Sesamia nonagrioides. Las pruebas biológicas de actividad se han realizado incorporando cada fracción a la dieta, hojas de maíz o dieta sintética, de larvas de 2°estadio del insecto. La técnica de cromatografía líquida de alta resolución a escala semipreparativa, utilizando un cartucho de fase reversa, ha permitido separar dos componentes con cantidad y pureza suficientes para poder ser analizados con posterioridad mediante técnicas&#xd;
espectroscópicas.</subfield>
   </datafield>
   <datafield ind2=" " ind1=" " tag="520">
      <subfield code="a">A systematic investigation of methanolic extracts of the seeds of Melia azedarach, has&#xd;
been carried out to isolate the main compounds, biologically active as feeding inhibitors and as insect growth regulators, for the Mediterranean Corn Borer, Sesamia nonagrioides. Biological activity of each fraction was evaluated by presenting it to the 2 on. instar larvae of the insect into its feeding diet, maize leaves or synthetic diet. A high performance liquid chromatographic reversed phase procedure has been developed whereby the two main active products of the extract could be isolated in amount enough to be later analyzed using spectroscopic techniques.</subfield>
   </datafield>
   <datafield ind1="8" ind2=" " tag="024">
      <subfield code="a">http://hdl.handle.net/10459.1/41657</subfield>
   </datafield>
   <datafield tag="653" ind2=" " ind1=" ">
      <subfield code="a">Sesamia nonagrioides</subfield>
   </datafield>
   <datafield tag="653" ind2=" " ind1=" ">
      <subfield code="a">Melia azeradach</subfield>
   </datafield>
   <datafield tag="653" ind2=" " ind1=" ">
      <subfield code="a">Actividad antialimentaria</subfield>
   </datafield>
   <datafield tag="653" ind2=" " ind1=" ">
      <subfield code="a">Actividad reguladora del desarrollo</subfield>
   </datafield>
   <datafield tag="653" ind2=" " ind1=" ">
      <subfield code="a">Entomologia</subfield>
   </datafield>
   <datafield tag="653" ind2=" " ind1=" ">
      <subfield code="a">Lepidòpters</subfield>
   </datafield>
   <datafield tag="653" ind2=" " ind1=" ">
      <subfield code="a">Blat de moro -- Malalties i plagues</subfield>
   </datafield>
   <datafield ind2="0" ind1="0" tag="245">
      <subfield code="a">Bioactividad de extractos de Melia azedarach L. sobre el taladro del maíz Sesamia nonagrioides Lef.</subfield>
   </datafield>
</record></metadata></record></GetRecord></OAI-PMH>